LEADER 01135nam a2200265 i 4500 001 000000069568 003 CaOOAMICUS 005 20190313141834.0 008 080424s1953 it u000 u ita u 013 $a40740 040 $aSeMil$bita 100 1 $aBerdjaev, Nikolaj Aleksandrovic,$d<1874-1948>.$0(OLS)http://semarc/name/21183 240 10$aSamopoznanie.$0(OLS)http://semarc/title/111391 245 10$aAutobiografia spirituale /$cNicola Berdjaev ; a cura di Giuseppe Donnini. 260 $aFirenze :$bVallecchi,$cstampa 1953. 300 $aXIII, 405 p. ;$c19 cm. 490 0 $aPensiero contemporaneo 650 4$aBerdjaev, Nikolaj Aleksandrovi? <1874-1948> - Autobiografia.$0(OLS)http://semarc/subject/13789 700 1 $aDonnini, Giuseppe.$0(OLS)http://semarc/name/34689 830 0$aPensiero contemporaneo.$0(OLS)http://semarc/title/25613 850 $aSeMil 852 $aSeMil$W1$xVenegono$y1$m2P I 166$j35721$B35721$CSeMilBibl$Z2$F35724 $81 996 $6245$aAutobiografia spirituale$9(OLS)http://semarc/title/111390 996 $6260$aFirenze :$bVallecchi$9(OLS)http://semarc/publisher/29768 LEADER 00938nam a2200205 i 4500 001 000000127605 003 CaOOAMICUS 005 20040622000000.0 008 040622s1881 au u000 u lat u 013 $a100317 040 $aSeMil$bita 245 10$aGai Vetti Aquilini Iuvenci Evangeliorum libri quattuor /$cRecensuit et commentario critico instruxit Iohannes Huemer. 300 $aXLIII, 176 p. ;$c23 cm. 490 0 $aCorpus scriptorum ecclesiasticorum latinorum ;$vVol.24. 700 1 $aHuemer, Johann,$d<1849-1915>.$0(OLS)http://semarc/name/53027 700 1 $aIuvencus, Caius Vettius Aquilinus.$0(OLS)http://semarc/name/53085 830 0$aCorpus scriptorum ecclesiasticorum latinorum ;$vVol.24.$0(OLS)http://semarc/title/405 850 $aSeMil 852 $aSeMil$W1$xVenegono$y1$m2S I 27$j81882$B81882$CSeMilBibl$Z2$F84074 $81 996 $6245$aGai Vetti Aquilini Iuvenci Evangeliorum libri quattuor$9(OLS)http://semarc/title/188342